00822nam a22002177a 4500999001700000008004100017020001800058020001500076050002000091100002500111245012600136260003400262300003600296500002000332650001900352650002200371700002900393700002800422942003200450952012200482 c15406d15406161031b xxu||||| |||| 00| 0 eng d a9780073054612 a0073054615 aQM 25 .M32 2013 aMcKinley, Michael P. aAnatomy and Physiology:ban integrative approach/cMichael P. Mckinley, Valerie Dean O'Louglin and theresa Stouter Biddle aNew York:bMcGraw-Hill,c2013 axxxviii, 1169p. :bill. ;c29cm aIncludes index. aHuman anatomy. aHuman physiology. aO'Loughlin, Valerie Dean aBiddle, Theresa Stouter 2lcccBOOKShQM 25 .M32 2013 00102lcc4070aMUCbMUCcTECHd2016-10-31eDonation (BFA)l0oQM 25 .M32 2013p24008r2018-06-12w2016-10-31yBOOKS